000 01233nam a2200325Ia 4500
000 nam a22 i 4500
001 UNACH-6183
007 ta
008 221212s ||||fr|||| 00| | spa d
020 _a978-970-10-5777-3
041 0 _aspa
082 0 4 _a658
_bAdministración general, administración de empresas
100 1 _aChiavenato, Idalberto,
_eautor
245 1 0 _aIntroducción a la teoría general de la administración
250 _a1a ed
264 3 1 _a[México] :
_aD.T México :
_bMcGraw-Hill Interamericana,
_c2006
300 _a562 páginas :
_bilustraciones, tablas, gráficos
336 _atexto
_btxt
_2rdacontent
337 _ano mediado
_bn
_2rdamedia
338 _avolumen
_bnc
_2rdacarrier
504 _aIncluye índice, glosario.
505 0 _aIntroducción a la teoría general de la administración.-- Los orígenes de la administración.-- Enfoque clásico de la administración.-- Implicación de la teoría de las relaciones humanas.
650 1 4 _aADMINISTRACIÓN
650 2 4 _aGESTIÓN ADMINISTRATIVA
650 2 4 _aRELACIONES HUMANAS
653 0 _aAdministracion general, administración de empresas
700 1 _aPontón Becerril, Susana,
_etraductor
942 _2ddc
_c1
_n0
999 _c5006
_d5006